000 00383nam a2200121 4500
999 _c13564
_d13564
008 190328b ||||| |||| 00| 0 eng d
100 _937855
_aLee-Brago, Pia
245 _aPhl shows increase in school attendance, reduced child labor/
_cPia Lee-Brago
260 _aPhilippines
_bThe Philippine Star
_cc2018
300 _apage 14.
650 0 _937856
_aChild welfare.
942 _2ddc
_cPER